04331nam a2200589Ia 450000500170000000800410001702000180005804000180007604100080009408200210010210000270012324500690015025000120021926000380023130000320026965000380030165000390033965000390037865000420041765000280045965000410048765000270052865000470055565000330060265000380063565000290067365000530070270000230075594200310077899900190080995201530082895201280098195201400110995201280124995201400137795201360151795201360165395201480178995201360193795201480207395201480222195201360236995201480250595201360265395201360278995201360292595201360306195201360319795201360333395201360346995201360360520230518093123.0210716s2008 xx 000 0 und d a9788126577132 cAIMIT LIBRARY aeng a006.34 21bSIVS aSivanandam, S N952707 aPrinciples of soft computing /cS. N. Sivanandam and S. N. Deepa a3rd ed. aNew Delhi :bWiley India ,c2008. axxvii,760 p.;bPB c28.7 cm aArtificial Neural Networks952708 aSupervised Learning Network952709 aAssociative Memory Networks952710 aUnsupervised Learning Networks952711 aSpecial Networks952712 aClassical sets and Fuzzy sets952713 aDefuzzification952714 aFuzzy Arithmetic and Fuzzy Measures952715 aFuzzy Decision Making952716 aFuzzy Logic Control System952717 aGenetic Algorithm952718 aSoft Computing Techniques Using C and C++952719 aDeepa, S N.952720 2ddccBKe3rd k006.34 SIVS c188328d188328 00102ddc40708MCAaAIMITbAIMITeHigginbothams Pvt Ltdg399.00l3o006.34 SIVSpMCA07836r2025-07-21 00:00:00s2024-03-02v319.20w2021-07-16yBK 001040708MCAaAIMITbAIMITeAthulya Booksg399.00l0o006.34 SIVSpMCA08630r2025-07-21 00:00:00v311.22w2021-07-16yBK 001040708MCAaAIMITbAIMITeCurrent Booksg399.00l1o006.34 SIVSpMCA08799r2025-07-21 00:00:00s2022-01-31v399.00w2021-07-16yBK 001040708MCAaAIMITbAIMITeCurrent Booksg399.00l0o006.34 SIVSpMCA08800r2025-07-21 00:00:00v399.00w2021-07-16yBK 001040708MCAaAIMITbAIMITeAthulya Booksg399.00l1o006.34 SIVSpMCA08984r2025-07-21 00:00:00s2022-01-31v311.22w2021-07-16yBK 001040708MCAaAIMITbAIMITeHigginbothams Pvt Ltdg399.00l0o006.34 SIVSpMCA09028r2025-07-21 00:00:00v299.25w2021-07-16yBK 001040708MCAaAIMITbAIMITeHigginbothams Pvt Ltdg399.00l0o006.34 SIVSpMCA09029r2025-07-21 00:00:00v299.25w2021-07-16yBK 001040708MCAaAIMITbAIMITeHigginbothams Pvt Ltdg399.00l3o006.34 SIVSpMCA09030r2025-07-25 12:11:47s2024-01-16v299.25w2021-07-16yBK 001040708MCAaAIMITbAIMITeHigginbothams Pvt Ltdg399.00l0o006.34 SIVSpMCA09031r2025-07-21 00:00:00v299.25w2021-07-16yBK 001040708MCAaAIMITbAIMITeHigginbothams Pvt Ltdg399.00l1o006.34 SIVSpMCA09032r2025-07-21 00:00:00s2022-01-31v299.25w2021-07-16yBK 001040708MCAaAIMITbAIMITeHigginbothams Pvt Ltdg399.00l2o006.34 SIVSpMCA09033r2025-07-21 00:00:00s2022-01-31v299.25w2021-07-16yBK 001040708MCAaAIMITbAIMITeHigginbothams Pvt Ltdg399.00l0o006.34 SIVSpMCA09034r2025-07-21 00:00:00v299.25w2021-07-16yBK 001040708MCAaAIMITbAIMITeHigginbothams Pvt Ltdg399.00l1o006.34 SIVSpMCA09342r2025-07-21 00:00:00s2022-02-01v299.25w2021-07-16yBK 001040708MCAaAIMITbAIMITeHigginbothams Pvt Ltdg399.00l0o006.34 SIVSpMCA09343r2025-07-21 00:00:00v299.25w2021-07-16yBK 001040708MCAaAIMITbAIMITeHigginbothams Pvt Ltdg399.00l0o006.34 SIVSpMCA09344r2025-07-21 00:00:00v299.25w2021-07-16yBK 001040708MCAaAIMITbAIMITeHigginbothams Pvt Ltdg399.00l0o006.34 SIVSpMCA09345r2025-07-21 00:00:00v299.25w2021-07-16yBK 001040708MCAaAIMITbAIMITeHigginbothams Pvt Ltdg399.00l0o006.34 SIVSpMCA09346r2025-07-21 00:00:00v299.25w2021-07-16yBK 001040708MCAaAIMITbAIMITeHigginbothams Pvt Ltdg399.00l0o006.34 SIVSpMCA09347r2025-07-21 00:00:00v299.25w2021-07-16yBK 001040708MCAaAIMITbAIMITeHigginbothams Pvt Ltdg399.00l0o006.34 SIVSpMCA09348r2025-07-21 00:00:00v299.25w2021-07-16yBK 001040708MCAaAIMITbAIMITeHigginbothams Pvt Ltdg399.00l0o006.34 SIVSpMCA09349r2025-07-21 00:00:00v299.25w2021-07-16yBK 001040708MCAaAIMITbAIMITeHigginbothams Pvt Ltdg399.00l0o006.34 SIVSpMCA09351r2025-07-21 00:00:00v299.25w2021-07-16yBK